Bienvenue à la Médiathèque de Saint-Andiol
banniere
Accueil Recherche avancée Mon compte
handi1 Rechercher dans le catalogue

Filtre   Mots-clés
  Recherche avancée
 
Lister les dernières nouveautés
 
Lister les livres GROS CARACTERES
 
Lister les périodiques (magazines)

handi1 Que choisir [ 636 ]

Book Cover
Titre : Que choisir [ 636 ]
Support : Livres
Langue : Francais
Publié : 2023 Union Fédérale des Consommateurs
Genre : Revues et magazines
Collection : Que Choisir
Sujets : Consommateurs
Étiquettes :
Pas de tags
LEADER 00932nas0a2200265 450
001 16863061
011 |d 5 € 
100 |a 20240607d2023 u u0frey01 ba 
101 1 |a fre  |c fre 
102 |a FR 
110 0 |a afu 0uu0 
200 0 |a Que choisir [ 636 ] 
207 1 |a  636 
210 |c Union Fédérale des Consommateurs  |d 2023 
215 |a 66 p.  |c couv. ill. coul. ; ill. coul.  |d 28 cm 
225 1 |a Que Choisir 
464 |a Tests labos: Vinaigres et crèmes balsamiques; Détergents lave-vaisselle; Caméras extérieures 
464 |a E-commerce, vous êtes satisfaits mais... 
464 |a Darty Max, des vendeurs embrigadés 
464 |a Bio, vrac, local, sain, Manger mieux, notre classement des grandes surfaces 
610 0 |a Consommateurs 
676 |a 070.17 
900 |a Revues et magazines 
901 |a Adultes 
995 |a Médiathèque  |c Médiathèque  |f 089020128  |h 089020128  |k 070.17 QUE 636  |o p  |q a  |r az  |e Médiathèque